| Tag |
First Indicator |
Second Indicator |
Subfields |
| LEADER |
00000cam a2200000 4500 |
| 001 |
in00000046653 |
| 005 |
20151007073329.0 |
| 008 |
761109s1948 ncuab 00100 eng |
| 010 |
|
|
|a 49007254
|
| 035 |
|
|
|a (OCoLC)02548175
|
| 035 |
|
|
|9 AAE9528AM
|
| 040 |
|
|
|a DLC
|c MIA
|d TXA
|d UtOrBLW
|
| 049 |
|
|
|a TXAM
|c 1 [164122]
|
| 050 |
0 |
0 |
|a QK495.G74
|b B63
|
| 082 |
0 |
|
|a 584.9
|
| 092 |
|
|
|a 584.9
|b B653g
|
| 100 |
1 |
|
|a Blomquist, H. L.,
|d 1888-1964.
|
| 245 |
1 |
4 |
|a The grasses of North Carolina.
|
| 264 |
|
1 |
|a Durham :
|b Duke Univ. Press,
|c 1948.
|
| 300 |
|
|
|a vi, 276 pages :
|b illustrations, maps. ;
|c 26 cm.
|
| 336 |
|
|
|a text
|b txt
|2 rdacontent
|
| 337 |
|
|
|a unmediated
|b n
|2 rdamedia
|
| 338 |
|
|
|a volume
|b nc
|2 rdacarrier
|
| 490 |
1 |
|
|a Duke University publications
|
| 650 |
|
0 |
|a Grasses
|z North Carolina.
|
| 830 |
|
0 |
|a Duke University publications.
|
| 999 |
|
|
|a MARS
|
| 999 |
f |
f |
|s 5ce67d7b-6765-328e-bafa-f7a609c0f14f
|i b5d0ccf8-6c7f-3723-afbb-15d567db4275
|t 0
|
| 952 |
f |
f |
|p ric
|a Texas A&M University
|b Rellis Campus
|c Joint Library Facility
|d Remote Storage
|t 0
|e QK495.G74 B63
|h Library of Congress classification
|i unmediated -- volume
|m A14800996753
|
| 998 |
f |
f |
|a QK495.G74 B63
|t 0
|l Remote Storage
|